| 000 | 00890nam a2200289 i 4500 | ||
|---|---|---|---|
| 003 | EG-GICUC | ||
| 005 | 20260426112914.0 | ||
| 008 | 260426s1979 fr ||||fr|||| 00| 0 fre d | ||
| 040 |
_aEG-GiCUC _bfre _cEG-GiCUC _dEG-GiCUC _eRda |
||
| 082 | 0 | 4 |
_221 _a343.83 _bCE . M |
| 092 | 0 | 4 | _221 |
| 099 | _aLaw1 10 343.83 CE . M 1979 | ||
| 100 | 1 |
_aCeccaldi,P. F. _eAuteur |
|
| 245 |
_aMédecine Légale à usage judiciaire/ _cP. F. Ceccaldi. |
||
| 264 | 1 |
_aParis: _bÉditions Cujas, _c1979. |
|
| 300 |
_a606 page ; _c 24 cm. |
||
| 336 |
_2rda contenu _a texte |
||
| 337 |
_2rda medias _aOrdinateur |
||
| 338 |
_2 transporteur rda _a Ressource en ligne |
||
| 546 | _aTexte en français | ||
| 650 | 1 | _aDroit Pénal | |
| 650 | 1 | _aMédecine Légale | |
| 700 | 1 |
_aDurigon,M. _eAuteur |
|
| 856 | 4 | 0 | _uhttps://fll.law.cu.edu.eg/fulltext/bks/B10-11136.pdf |
| 905 | _a59 | ||
| 942 |
_2ddc _n0 _cBK _e21 |
||
| 999 |
_c73453 _d73453 |
||